000 00732nam a2200289Ia 4500
005 20260324112733.0
008 008 260324s9999 xx 000 0 eng d
020 _a9781032689623
037 _aEBOOK
040 _aCRL
040 _beng
040 _cCRL
041 _2eng
041 _aeng
084 _qCRL
100 _aDannie Fountain
_91143933
245 0 _aKeep Your Day Job
245 0 _bLeverage Your Side Hustle To Grow Your Corporate Career, Regardless Of What HR Says You Can Do
260 _bTaylor and Francis
260 _c2024
365 _a
365 _b220
856 _uhttp://www.taylorfrancis.com/books/9781032689623
942 _cEBOOK
999 _c1733259
_d1733259